000
00264nam a22001217a 4500
020
_a
0-340-69781-4
082
_a
425
_b
ARC/L
100
_a
ARCARTI,KRISTYNA
245
_a
THE LANGUAGE OF FLOWERS
260
_a
LONDON
_b
HODDER &STOUGHTON
300
_a
103
942
_c
BK
999
_c
3715
_d
3715